Größte bremer Stadien - Statistiken

Allgemein
  • Dieses Quiz wurde 6 mal gespielt
  • Das Durchschnittsergebnis liegt bei 3 aus 5
Antwortstatistiken
Verein Kapazität Stadioname % Korrekt
Werder Bremen 42,000 Weserstadion
100%
OSC Bremerhaven 10,000 Nordseestadion
60%
Blumenthaler SV 10,000 Burgwallstadion
40%
FC Oberneuland 5,000 Marcko-Mock-Arena
40%
Bremer SV 5,000 Panzenbergstadion/Stadion am Panzenberg
40%
Keine übereinstimmenden Quizze gefunden
Verteilung der Resultate
Anzahl Personen mit jedem Resultat
Perzentil nach korrekt beantworteten Fragen
Ihre Resultats-Entwicklung
Sie haben dieses Quiz noch nicht gespielt